000 00424nam a2200181Ia 4500
005 20250628141455.0
008 191130s2010##################000#0#eng##
020 _a9781846054846
_qpbk
041 _aeng
082 _a823.92 PRI
100 _aPrice, Katie
245 _aParadise
_cKatie Price
250 _a1st ed
260 _aLondon
_bCentury
_c2010
300 _a314p
_c24cm
650 _aFiction
942 _cENGLISH
999 _c281547
_d281547